<?xml version="1.0" encoding="UTF-8"?>
<record
    xmlns:xsi="http://www.w3.org/2001/XMLSchema-instance"
    xsi:schemaLocation="http://www.loc.gov/MARC21/slim http://www.loc.gov/standards/marcxml/schema/MARC21slim.xsd"
    xmlns="http://www.loc.gov/MARC21/slim">

  <leader>03637nam a22002657a 4500</leader>
  <controlfield tag="003">NALT</controlfield>
  <controlfield tag="005">20240529195417.0</controlfield>
  <controlfield tag="008">220205b        th ||||| |||| 00| 0 tha d</controlfield>
  <datafield tag="020" ind1=" " ind2=" ">
    <subfield code="a">9786115360031</subfield>
  </datafield>
  <datafield tag="040" ind1=" " ind2=" ">
    <subfield code="a">NALT</subfield>
  </datafield>
  <datafield tag="041" ind1=" " ind2=" ">
    <subfield code="a">tha</subfield>
  </datafield>
  <datafield tag="050" ind1=" " ind2=" ">
    <subfield code="a">DS 554.8</subfield>
    <subfield code="b">&#xE23;631&#xE16; 2552</subfield>
  </datafield>
  <datafield tag="100" ind1="0" ind2=" ">
    <subfield code="a">&#xE23;&#xE38;&#xE48;&#xE07;&#xE21;&#xE13;&#xE35; &#xE40;&#xE21;&#xE06;&#xE42;&#xE2A;&#xE20;&#xE13;</subfield>
    <subfield code="9">16347</subfield>
  </datafield>
  <datafield tag="245" ind1="1" ind2="0">
    <subfield code="a">&#xE16;&#xE01;&#xE41;&#xE02;&#xE21;&#xE23;&#xE4C; &#xE41;&#xE25;&#xE40;&#xE02;&#xE21;&#xE23; / </subfield>
    <subfield code="c">&#xE23;&#xE38;&#xE48;&#xE07;&#xE21;&#xE13;&#xE35; &#xE40;&#xE21;&#xE06;&#xE42;&#xE2A;&#xE20;&#xE13;.</subfield>
  </datafield>
  <datafield tag="250" ind1=" " ind2=" ">
    <subfield code="a">&#xE1E;&#xE34;&#xE21;&#xE1E;&#xE4C;&#xE04;&#xE23;&#xE31;&#xE49;&#xE07;&#xE41;&#xE23;&#xE01;.</subfield>
  </datafield>
  <datafield tag="260" ind1=" " ind2=" ">
    <subfield code="a">&#xE01;&#xE23;&#xE38;&#xE07;&#xE40;&#xE17;&#xE1E;&#xE2F; :</subfield>
    <subfield code="b">&#xE1A;&#xE49;&#xE32;&#xE19;&#xE1E;&#xE23;&#xE30;&#xE2D;&#xE32;&#xE17;&#xE34;&#xE15;&#xE22;&#xE4C;,</subfield>
    <subfield code="c">2552.</subfield>
  </datafield>
  <datafield tag="300" ind1=" " ind2=" ">
    <subfield code="a">283 &#xE2B;&#xE19;&#xE49;&#xE32; :</subfield>
    <subfield code="b">&#xE15;&#xE32;&#xE23;&#xE32;&#xE07;, &#xE20;&#xE32;&#xE1E;&#xE1B;&#xE23;&#xE30;&#xE01;&#xE2D;&#xE1A; ;</subfield>
    <subfield code="c">21 &#xE0B;&#xE21;.</subfield>
  </datafield>
  <datafield tag="505" ind1="0" ind2=" ">
    <subfield code="a">&#xE04;&#xE33;&#xE2D;&#xE18;&#xE34;&#xE1A;&#xE32;&#xE22;&#xE01;&#xE32;&#xE23;&#xE16;&#xE2D;&#xE14;&#xE40;&#xE2A;&#xE35;&#xE22;&#xE07;&#xE04;&#xE33;&#xE40;&#xE02;&#xE21;&#xE23; -- &#xE19;&#xE31;&#xE1A;&#xE2B;&#xE19;&#xE36;&#xE48;&#xE07;&#xE40;&#xE23;&#xE37;&#xE48;&#xE2D;&#xE07;&#xE40;&#xE02;&#xE21;&#xE23; -- &#xE40;&#xE2B;&#xE15;&#xE38;&#xE42;&#xE2B;&#xE14;&#xE17;&#xE35;&#xE48;&#xE1A;&#xE49;&#xE32;&#xE19;&#xE19;&#xE49;&#xE2D;&#xE22;&#xE1B;&#xE48;&#xE32;&#xE44;&#xE23; &#xE1A;&#xE49;&#xE32;&#xE19;&#xE01;&#xE01;&#xE04;&#xE49;&#xE2D; &#xE41;&#xE25;&#xE30;&#xE1A;&#xE49;&#xE32;&#xE19;&#xE2B;&#xE19;&#xE2D;&#xE07;&#xE14;&#xE2D; -- &#xE2A;&#xE16;&#xE32;&#xE19;&#xE01;&#xE32;&#xE23;&#xE13;&#xE4C;&#xE2A;&#xE23;&#xE49;&#xE32;&#xE07;&#xE27;&#xE35;&#xE23;&#xE1A;&#xE38;&#xE23;&#xE38;&#xE29;&#xE0A;&#xE37;&#xE48;&#xE2D; "&#xE1B;&#xE23;&#xE30;&#xE08;&#xE31;&#xE01;&#xE29;&#xE4C; &#xE2A;&#xE27;&#xE48;&#xE32;&#xE07;&#xE08;&#xE34;&#xE15;&#xE23;" -- &#xE2A;&#xE16;&#xE32;&#xE19;&#xE01;&#xE32;&#xE23;&#xE13;&#xE4C;&#xE2A;&#xE25;&#xE31;&#xE1A;&#xE0B;&#xE31;&#xE1A;&#xE0B;&#xE49;&#xE2D;&#xE19;&#xE17;&#xE35;&#xE48;&#xE0A;&#xE32;&#xE22;&#xE41;&#xE14;&#xE19;&#xE16;&#xE36;&#xE07;&#xE01;&#xE32;&#xE23;&#xE01;&#xE39;&#xE49;&#xE0A;&#xE32;&#xE15;&#xE34;&#xE01;&#xE31;&#xE21;&#xE1E;&#xE39;&#xE0A;&#xE32;&#xE04;&#xE23;&#xE31;&#xE49;&#xE07;&#xE17;&#xE35;&#xE48; 2 -- &#xE25;&#xE07;&#xE1E;&#xE37;&#xE49;&#xE19;&#xE17;&#xE35;&#xE48;&#xE0A;&#xE32;&#xE22;&#xE41;&#xE14;&#xE19; &#xE2B;&#xE25;&#xE31;&#xE07; "&#xE1E;&#xE19;&#xE21;&#xE40;&#xE1B;&#xE0D;&#xE41;&#xE15;&#xE01;" &#xE04;&#xE23;&#xE31;&#xE49;&#xE07;&#xE17;&#xE35;&#xE48; 2 &#xE41;&#xE25;&#xE30; "&#xE17;&#xE24;&#xE29;&#xE0E;&#xE35;&#xE1A;&#xE31;&#xE07;&#xE04;&#xE31;&#xE1A;&#xE1B;&#xE0F;&#xE34;&#xE27;&#xE31;&#xE15;&#xE34;&#xE41;&#xE1A;&#xE1A;&#xE40;&#xE02;&#xE21;&#xE23;&#xE41;&#xE14;&#xE07;" -- &#xE08;&#xE32;&#xE01; "&#xE2A;&#xE07;&#xE04;&#xE23;&#xE32;&#xE21;&#xE2A;&#xE31;&#xE48;&#xE07;&#xE2A;&#xE2D;&#xE19;" &#xE16;&#xE36;&#xE07; "&#xE04;&#xE13;&#xE30;&#xE17;&#xE39;&#xE15;&#xE25;&#xE31;&#xE1A;" -- &#xE1B;&#xE25; &#xE42;&#xE1B;&#xE15; &#xE1E;&#xE35;&#xE48;&#xE0A;&#xE32;&#xE22;&#xE2B;&#xE21;&#xE32;&#xE22;&#xE40;&#xE25;&#xE02; 1 &#xE40;&#xE1B;&#xE34;&#xE14;&#xE15;&#xE31;&#xE27;&#xE04;&#xE23;&#xE31;&#xE49;&#xE07;&#xE41;&#xE23;&#xE01;&#xE17;&#xE35;&#xE48;&#xE0A;&#xE32;&#xE22;&#xE41;&#xE14;&#xE19;&#xE44;&#xE17;&#xE22;-&#xE01;&#xE31;&#xE21;&#xE1E;&#xE39;&#xE0A;&#xE32; -- &#xE1A;&#xE38;&#xE01;&#xE1E;&#xE19;&#xE21;&#xE40;&#xE1B;&#xE0D; &#xE2A;&#xE31;&#xE21;&#xE20;&#xE32;&#xE29;&#xE13;&#xE4C;&#xE1E;&#xE34;&#xE40;&#xE28;&#xE29; &#xE40;&#xE2E;&#xE07; &#xE2A;&#xE33;&#xE23;&#xE34;&#xE19; &#xE2A;&#xE31;&#xE21;&#xE1C;&#xE31;&#xE2A;&#xE25;&#xE31;&#xE17;&#xE18;&#xE34; "&#xE1B;&#xE23;&#xE2D;&#xE25;&#xE31;&#xE22;&#xE1B;&#xE38;&#xE08;&#xE2A;&#xE30;&#xE2E;&#xE4C;" -- &#xE2A;&#xE31;&#xE08;&#xE18;&#xE23;&#xE23;&#xE21;&#xE44;&#xE21;&#xE48;&#xE40;&#xE04;&#xE22;&#xE15;&#xE32;&#xE22; &#xE41;&#xE25;&#xE30;&#xE21;&#xE38;&#xE21;&#xE21;&#xE2D;&#xE07;&#xE40;&#xE02;&#xE21;&#xE23; &#xE02;&#xE2D;&#xE07; &#xE40;&#xE2D;&#xE14; &#xE41;&#xE1A;&#xE23;&#xE14;&#xE25;&#xE35;&#xE22;&#xE4C; &#xE41;&#xE2B;&#xE48;&#xE07; 60 Minutes -- &#xE15;&#xE30;&#xE25;&#xE38;&#xE22;&#xE01;&#xE31;&#xE21;&#xE1E;&#xE39;&#xE0A;&#xE32; &#xE1B;&#xE30;&#xE2B;&#xE19;&#xE49;&#xE32; &#xE2E;&#xE38;&#xE19; &#xE41;&#xE0B;&#xE19; &#xE1B;&#xE23;&#xE30;&#xE0A;&#xE32;&#xE0A;&#xE19;&#xE44;&#xE17;&#xE22;&#xE44;&#xE21;&#xE48;&#xE43;&#xE0A;&#xE48;&#xE28;&#xE31;&#xE15;&#xE23;&#xE39;&#xE02;&#xE2D;&#xE07;&#xE40;&#xE02;&#xE32; -- &#xE1E;&#xE19;&#xE21;&#xE40;&#xE1B;&#xE0D; 2531 -- &#xE40;&#xE17;&#xE35;&#xE48;&#xE22;&#xE27;&#xE17;&#xE30;&#xE40;&#xE25;&#xE41;&#xE25;&#xE49;&#xE27;&#xE40;&#xE25;&#xE35;&#xE22;&#xE1A;&#xE04;&#xE48;&#xE32;&#xE22;&#xE14;&#xE39;&#xE01;&#xE32;&#xE23;&#xE0B;&#xE49;&#xE2D;&#xE21;&#xE23;&#xE1A;&#xE17;&#xE35;&#xE48;&#xE01;&#xE33;&#xE1B;&#xE2D;&#xE15; &#xE41;&#xE25;&#xE30;&#xE01;&#xE33;&#xE1B;&#xE25;&#xE07;&#xE2A;&#xE1B;&#xE37;&#xE2D; -- &#xE43;&#xE2A;&#xE48; &#xE20;&#xE39;&#xE17;&#xE2D;&#xE07; &#xE1C;&#xE39;&#xE49;&#xE1B;&#xE34;&#xE14;&#xE17;&#xE2D;&#xE07;&#xE2B;&#xE25;&#xE31;&#xE07;&#xE1E;&#xE23;&#xE30; -- &#xE08;&#xE32;&#xE01;&#xE1B;&#xE23;&#xE34;&#xE28;&#xE19;&#xE32;&#xE1C;&#xE39;&#xE49;&#xE19;&#xE33;&#xE40;&#xE02;&#xE21;&#xE23;&#xE1E;&#xE39;&#xE14;&#xE44;&#xE17;&#xE22; &#xE16;&#xE36;&#xE07;&#xE17;&#xE33;&#xE44;&#xE21;&#xE0A;&#xE37;&#xE48;&#xE2D; &#xE40;&#xE15;&#xE35;&#xE22; &#xE1A;&#xE31;&#xE0D; -- &#xE15;&#xE30;&#xE25;&#xE38;&#xE22;&#xE44;&#xE1B;&#xE1E;&#xE23;&#xE30;&#xE15;&#xE30;&#xE1A;&#xE2D;&#xE07; -- &#xE15;&#xE32;&#xE21;&#xE2A;&#xE19;&#xE18;&#xE34; &#xE25;&#xE34;&#xE49;&#xE21;&#xE17;&#xE2D;&#xE07;&#xE01;&#xE38;&#xE25;&#xE44;&#xE1B;&#xE01;&#xE31;&#xE21;&#xE1E;&#xE39;&#xE0A;&#xE32; -- &#xE2A;&#xE35;&#xE2B;&#xE19;&#xE38; &#xE1E;&#xE1A; &#xE2E;&#xE38;&#xE19; &#xE41;&#xE0B;&#xE19;&#xE17;&#xE35;&#xE48;&#xE01;&#xE23;&#xE38;&#xE07;&#xE40;&#xE17;&#xE1E;&#xE2F; &#xE04;&#xE23;&#xE31;&#xE49;&#xE07;&#xE41;&#xE23;&#xE01; -- &#xE04;&#xE2D;&#xE19;&#xE40;&#xE2A;&#xE34;&#xE23;&#xE4C;&#xE15;&#xE04;&#xE32;&#xE23;&#xE32;&#xE27;&#xE32;&#xE19;&#xE17;&#xE35;&#xE48;&#xE19;&#xE04;&#xE23;&#xE27;&#xE31;&#xE14; &#xE2A;&#xE31;&#xE19;&#xE15;&#xE34;&#xE20;&#xE32;&#xE1E;&#xE08;&#xE07;&#xE40;&#xE08;&#xE23;&#xE34;&#xE0D; -- &#xE01;&#xE31;&#xE21;&#xE1E;&#xE39;&#xE0A;&#xE32;&#xE40;&#xE25;&#xE37;&#xE2D;&#xE01;&#xE15;&#xE31;&#xE49;&#xE07;&#xE04;&#xE23;&#xE31;&#xE49;&#xE07;&#xE41;&#xE23;&#xE01; &#xE2B;&#xE25;&#xE31;&#xE07;&#xE2A;&#xE34;&#xE49;&#xE19;&#xE2A;&#xE38;&#xE14;&#xE2A;&#xE07;&#xE04;&#xE23;&#xE32;&#xE21;&#xE01;&#xE25;&#xE32;&#xE07;&#xE40;&#xE21;&#xE37;&#xE2D;&#xE07; -- &#xE1A;&#xE17;&#xE2A;&#xE48;&#xE07;&#xE17;&#xE49;&#xE32;&#xE22;.</subfield>
  </datafield>
  <datafield tag="651" ind1=" " ind2="4">
    <subfield code="a">&#xE01;&#xE31;&#xE21;&#xE1E;&#xE39;&#xE0A;&#xE32;</subfield>
    <subfield code="x">&#xE1B;&#xE23;&#xE30;&#xE27;&#xE31;&#xE15;&#xE34;&#xE28;&#xE32;&#xE2A;&#xE15;&#xE23;&#xE4C;</subfield>
    <subfield code="9">511</subfield>
  </datafield>
  <datafield tag="651" ind1=" " ind2="4">
    <subfield code="a">&#xE01;&#xE31;&#xE21;&#xE1E;&#xE39;&#xE0A;&#xE32;</subfield>
    <subfield code="x">&#xE04;&#xE27;&#xE32;&#xE21;&#xE2A;&#xE31;&#xE21;&#xE1E;&#xE31;&#xE19;&#xE18;&#xE4C;&#xE01;&#xE31;&#xE1A;&#xE15;&#xE48;&#xE32;&#xE07;&#xE1B;&#xE23;&#xE30;&#xE40;&#xE17;&#xE28;</subfield>
    <subfield code="z">&#xE44;&#xE17;&#xE22;</subfield>
    <subfield code="9">12800</subfield>
  </datafield>
  <datafield tag="651" ind1=" " ind2="4">
    <subfield code="a">&#xE01;&#xE31;&#xE21;&#xE1E;&#xE39;&#xE0A;&#xE32; </subfield>
    <subfield code="x">&#xE01;&#xE32;&#xE23;&#xE40;&#xE21;&#xE37;&#xE2D;&#xE07;&#xE41;&#xE25;&#xE30;&#xE01;&#xE32;&#xE23;&#xE1B;&#xE01;&#xE04;&#xE23;&#xE2D;&#xE07;</subfield>
    <subfield code="9">16348</subfield>
  </datafield>
  <datafield tag="850" ind1=" " ind2=" ">
    <subfield code="a">NALT</subfield>
  </datafield>
  <datafield tag="942" ind1=" " ind2=" ">
    <subfield code="2">lcc</subfield>
    <subfield code="c">GB</subfield>
  </datafield>
  <datafield tag="996" ind1=" " ind2=" ">
    <subfield code="a">kornsiririn.r</subfield>
    <subfield code="b">CATSTF	</subfield>
    <subfield code="c">2024-04-30</subfield>
  </datafield>
  <datafield tag="999" ind1=" " ind2=" ">
    <subfield code="c">99329</subfield>
    <subfield code="d">99329</subfield>
  </datafield>
  <datafield tag="998" ind1=" " ind2=" ">
    <subfield code="j">3099</subfield>
    <subfield code="k"> &#xE1E;&#xE23;&#xE27;&#xE34;&#xE17;&#xE39;  &#xE42;&#xE04;&#xE49;&#xE27;&#xE04;&#xE0A;&#xE32;&#xE20;&#xE23;&#xE13;&#xE4C;</subfield>
  </datafield>
  <datafield tag="952" ind1=" " ind2=" ">
    <subfield code="0">0</subfield>
    <subfield code="1">0</subfield>
    <subfield code="2">lcc</subfield>
    <subfield code="4">0</subfield>
    <subfield code="7">0</subfield>
    <subfield code="8">CSEN</subfield>
    <subfield code="a">NALT</subfield>
    <subfield code="b">NALT</subfield>
    <subfield code="c">GEN</subfield>
    <subfield code="d">2024-04-30</subfield>
    <subfield code="l">0</subfield>
    <subfield code="o">DS 554.8 &#xE23;631&#xE16; 2552</subfield>
    <subfield code="p">0100001737001</subfield>
    <subfield code="r">2024-05-31 00:00:00</subfield>
    <subfield code="w">2024-04-30</subfield>
    <subfield code="y">GB</subfield>
  </datafield>
</record>
